000 00636nam a22001577a 4500
003 JO-AjAnu
005 20231211115046.0
008 231211b jo ||||| |||| 00| 0 ara d
040 _bara
_cJO-AjAnu
_dANU
100 _aشلبي، سعد شاكر
_964604
_eمؤلف
245 _aالتنمية السياسية ودورها في الاستقرار السياسي في الدول العربية /
_cتأليف سعد شاكر الشلبي
260 _aعمان :
_bدار زهران للنشر والتوزيع،
_c2015
300 _a301 صفحه
651 _vالبلاد العربية-سياسة وحكومه
942 _2lcc
_cBK
_n0
999 _c33280
_d33280